01090nab a22002297a 4500999001500000003000400015005001700019008004100036040000700077100003300084245007200117260007200189300001500261500003900276505021200315505008900527650002600616650003000642650003600672773013900708942001300847 c5957d5957OSt20260114133748.0190605e xxu||||| |||| 00| 0 spa d cPJ 96168aSalgado, José Manuel10aVigencia y aplicación del DNU 669-2019 /cJosé Manuel Salgado.  aCiudad Autónoma de Buenos Aires :bThomson Reuters La Ley,c2024. ap. 193-198 aCita: TR LALEY AR/DOC/1440/2024.  aSumario: I. El decreto. Sus antecedentes.— II. Cuestionamientos constitucionales al decreto.— III. El decreto en su coyuntura actual.— IV. Aplicación de la norma más favorable.— V. Conclusión.  t¿Te interesa el texto completo? Solicitalo al correo: koha@justierradelfuego.gov.ar 091316aDERECHO LABORAL 091323aCONTRATO DE TRABAJO 091534aINDEMNIZACION POR DESPIDO0 0271193168dCiudad Autónoma de Buenos Aires : Thomson Reuters La Ley, 1999-2002.tRevista de derecho del trabajo. Nº 4 - Julio 2024 2udccANA